000 00730nam a2200217Ii 4500
003 JO-AjNU
008 230605s9999||||xx |||||||||||||| ||und||
017 _a2013/5/1530
040 _aJO-AjNU
_bara
_erda
_cJO-AjNU
041 _aara
050 1 4 _aPJ7538 2014
100 3 _aإعداد ودراسة العساف، عبدالله مطلق,
_eauthor
_948220
245 0 0 _aصالح الحمارنة: قطوف أدبية ونقدية
250 _aط1
264 3 1 _aعمان: المؤلف، 2014
300 _a187ص
336 _atext
_btxt
_2rdacontent
337 _aunmediated
_bn
_2rdamedia
338 _avolume
_bnc
_2rdacarrier
650 4 _aالأدب العربي - الشعر العربي - العصر الحديث
_948221
999 _aA21102
_c24670
_d24670